| 000 | 00760nam a2200193 a 4500 | ||
|---|---|---|---|
| 001 | 52188 | ||
| 005 | 20180714041932.0 | ||
| 008 | 140415s1983 xxu 000 0 eng d | ||
| 020 | _a0070420459 | ||
| 041 | _aeng | ||
| 082 |
_a681.2 _bMIL |
||
| 100 | 1 | _aMILLER, R. W. | |
| 245 | 1 | 0 | _aFLOW MEASUREMENT ENGINEERING HANDBOOK |
| 250 | _a1a ed. | ||
| 260 |
_aESTADOS UNIDOS DE AMERICA : _bMCGRAW-HILL INTERAMERICANA, _c1983 |
||
| 300 |
_a594 _c15.6 x 4.9 x 23.3 |
||
| 520 | _aTHIS HANDBOOK CONVERS EN DETAIL THE FLOWMETERS MOSR CMMONLY USED IN PROCESS MEASUREMENT AND CONTROL. A MAJOR PART OF THE PREPARATION OF THE HANDBOOK WAS TO UNRAVEL THA MANY EQUATION FORMS EXISTING. | ||
| 650 | 1 | 4 |
_aCONTADORES DE FLUIDOS _xCONTADORES DE FLUIDOS _xMANUALES |
| 999 |
_c52188 _d52188 |
||